[Event "Florianopolis op 8th"]
[Site "Florianopolis"]
[Date "2022.01.26"]
[Round "4"]
[White "De Oliveira Filho, Fernando Figueredo"]
[Black "Nones, Vinicius Gabriel"]
[Result "1-0"]
[WhiteElo "1642"]
[BlackElo "1258"]
[PlyCount "61"]
[EventDate "2022.01.24"]
[EventType "swiss"]
[EventRounds "10"]
[EventCountry "BRA"]
[SourceTitle "CBM 206 Extra"]
[Source "ChessBase"]
[SourceDate "2022.03.31"]
[SourceVersion "1"]
[SourceVersionDate "2022.03.31"]
[SourceQuality "1"]

1. d4 e6 2. e4 d5 3. exd5 exd5 4. Bd3 Nf6 5. Bg5 Be7 6. Nc3 c6 7. Nge2 Be6 8. Qd2 Nbd7 9. f3 Qc7 10. Bf4 Bd6 11. g4 0-0-0 12. 0-0-0 Rde8 13. h4 Nb6 14. h5 h6 15. Rhe1 Nfd7 16. Bxd6 Qxd6 17. Qf4 Qxf4+ 18. Nxf4 Re7 19. Re2 Rhe8 20. Rde1 Nf8 21. Nd1 Kc7 22. b3 Kd6 23. Kd2 Bd7 24. Ne3 a6 25. c4 dxc4 26. bxc4 c5 27. d5 Nc8 28. Bf5 Kc7 29. Bxd7 Nxd7 30. d6+ Nxd6 31. Ned5+ 1-0

[Event "Florianopolis op 8th"]
[Site "Florianopolis"]
[Date "2022.01.24"]
[Round "1"]
[White "Silva, Kaua Marques"]
[Black "De Oliveira Filho, Fernando Figueredo"]
[Result "1-0"]
[WhiteElo "2170"]
[BlackElo "1642"]
[PlyCount "91"]
[EventDate "2022.01.24"]
[EventType "swiss"]
[EventRounds "10"]
[EventCountry "BRA"]
[SourceTitle "CBM 206 Extra"]
[Source "ChessBase"]
[SourceDate "2022.03.31"]
[SourceVersion "1"]
[SourceVersionDate "2022.03.31"]
[SourceQuality "1"]

1. d4 d5 2. c4 e6 3. Nc3 Nf6 4. Bg5 Be7 5. e3 0-0 6. cxd5 exd5 7. Bd3 b6 8. Nge2 Bb7 9. 0-0 Nh5 10. Bxe7 Qxe7 11. Rc1 c5 12. Bf5 Qg5 13. Bh3 c4 14. Ng3 Nxg3 15. hxg3 a6 16. b3 b5 17. Qf3 b4 18. Na4 c3 19. Nc5 Bc6 20. a3 a5 21. Ra1 Bb5 22. Rfc1 Na6 23. axb4 axb4 24. Nd7 Rfd8 25. Ne5 Be8 26. Ra5 Nc7 27. Rca1 Rxa5 28. Rxa5 Qe7 29. Nd3 Qd6 30. Qd1 Nb5 31. Ra4 Na3 32. Rxb4 Bb5 33. Nc5 Bc6 34. Bf5 Ra8 35. Qc1 c2 36. Bd3 Qc7 37. Bxc2 Qa5 38. Qd2 Bb5 39. Bd3 Rb8 40. Kh2 Rb6 41. Ra4 Rh6+ 42. Kg1 Qd8 43. Rxa3 Bc6 44. Qa5 Qe8 45. b4 f6 46. Bf5 1-0

[Event "Sao Joao del Rei op"]
[Site "Sao Joao del Rei"]
[Date "2020.02.09"]
[Round "4"]
[White "Barroso, Hugo Mazochi"]
[Black "De Oliveira Filho, Fernando Figueredo"]
[Result "1-0"]
[WhiteElo "1852"]
[BlackElo "1594"]
[PlyCount "40"]
[EventDate "2020.02.08"]
[EventType "swiss"]
[EventRounds "5"]
[EventCountry "BRA"]
[SourceTitle "CBM 195 Extra"]
[Source "ChessBase"]
[SourceDate "2020.05.31"]
[SourceVersion "1"]
[SourceVersionDate "2020.05.31"]
[SourceQuality "1"]

1. e4 e6 2. d4 d5 3. Nd2 c5 4. exd5 exd5 5. Bb5+ Nc6 6. Ngf3 Nf6 7. 0-0 Be7 8. dxc5 0-0 9. Nb3 Bg4 10. c3 Rc8 11. Be3 a6 12. Bd3 Ne5 13. Be2 Nc4 14. Bxc4 dxc4 15. Qxd8 Rfxd8 16. Na5 Bxc5 17. Nxb7 Bxe3 18. Nxd8 Bb6 19. Nb7 Ne4 20. Nd4 Rb8 1-0

[Event "Florianopolis op 6th"]
[Site "Florianopolis"]
[Date "2020.01.25"]
[Round "8"]
[White "De Oliveira Filho, Fernando Figueredo"]
[Black "Almeida, Bianca Martins"]
[Result "1-0"]
[WhiteElo "1680"]
[BlackElo "1175"]
[PlyCount "99"]
[EventDate "2020.01.20"]
[EventType "swiss"]
[EventRounds "10"]
[EventCountry "BRA"]
[SourceTitle "CBM 194 Extra"]
[Source "ChessBase"]
[SourceDate "2020.03.31"]
[SourceVersion "1"]
[SourceVersionDate "2020.03.31"]
[SourceQuality "1"]

1. d4 d5 2. c4 Nf6 3. Nc3 Nc6 4. Nf3 Bg4 5. e3 e6 6. Be2 Bxf3 7. Bxf3 Bb4 8. 0-0 Bxc3 9. bxc3 Na5 10. cxd5 Nxd5 11. Qa4+ c6 12. c4 Ne7 13. Bd2 Nxc4 14. Qxc4 e5 15. Bc3 exd4 16. Qxd4 Qxd4 17. Bxd4 Nf5 18. Bc5 Nh4 19. Be2 0-0-0 20. Rfd1 Ng6 21. Bxa7 Rxd1+ 22. Rxd1 Kc7 23. Bd4 f6 24. Bb2 Ne7 25. Bf3 Ra8 26. a3 Ra5 27. Be2 c5 28. Rc1 b6 29. Ra1 Kc6 30. a4 Kc7 31. Bb5 Nc6 32. Rd1 Ra8 33. Kf1 Re8 34. Ke2 Re7 35. Bc3 Na7 36. Bd3 Kc6 37. Bxh7 b5 38. axb5+ Nxb5 39. Rc1 Kb6 40. Bd3 Nd4+ 41. Bxd4 cxd4 42. Rc4 dxe3 43. fxe3 Re8 44. Bf5 Ra8 45. Kf3 Ra5 46. Kf4 g5+ 47. Kg4 Kb5 48. Rc2 Ra4+ 49. e4 Rb4 50. Kh5 1-0

[Event "Florianopolis op 6th"]
[Site "Florianopolis"]
[Date "2020.01.20"]
[Round "1"]
[White "De Oliveira Filho, Fernando Figueredo"]
[Black "Borba da Rosa, Rodrigo"]
[Result "0-1"]
[WhiteElo "1680"]
[BlackElo "1294"]
[PlyCount "96"]
[EventDate "2020.01.20"]
[EventType "swiss"]
[EventRounds "10"]
[EventCountry "BRA"]
[SourceTitle "CBM 194 Extra"]
[Source "ChessBase"]
[SourceDate "2020.03.31"]
[SourceVersion "1"]
[SourceVersionDate "2020.03.31"]
[SourceQuality "1"]

1. d4 e6 2. e4 d5 3. Nc3 dxe4 4. Nxe4 Nc6 5. Nf3 Nf6 6. Bd3 Nxe4 7. Bxe4 Bb4+ 8. c3 Ba5 9. 0-0 Bd7 10. Bg5 f6 11. Nh4 Ne7 12. Qh5+ Kf8 13. f4 Be8 14. Qf3 h6 15. Bxf6 gxf6 16. Bxb7 Rb8 17. b4 c6 18. Ba6 Bc7 19. Bc4 Nd5 20. Qe4 f5 21. Qxe6 Qxh4 22. Qxf5+ Qf6 23. Qd3 Bg6 24. Qd2 Kg7 25. g3 Rhe8 26. Rfe1 Rxe1+ 27. Rxe1 Re8 28. Rxe8 Bxe8 29. Qe1 Qe7 30. Qxe7+ Nxe7 31. Kf2 Nd5 32. Bxd5 cxd5 33. Kf3 a5 34. a3 axb4 35. axb4 h5 36. h3 Bd7 37. g4 hxg4+ 38. hxg4 Kf6 39. Kg3 Kg6 40. Kf3 Bd8 41. Kg3 Be7 42. Kh3 Bb5 43. Kg3 Bf1 44. Kf2 Bd3 45. Ke3 Be4 46. c4 Bxb4 47. cxd5 Bxd5 48. Kd3 Ba3 0-1